| 000 | 00631nam a22002057a 4500 | ||
|---|---|---|---|
| 005 | 20251108170103.0 | ||
| 008 | 250721s2000 xx 000 0 ara d | ||
| 082 | 1 | 4 | _aط/ق/مزا |
| 100 | 1 |
_aالمزاتي، محمد _eمؤلف |
|
| 245 | 1 | 0 | _aالإنسان الأخضر / |
| 264 |
_bدار الرشاد، _c2000. |
||
| 300 | _a16ص. | ||
| 490 | 0 |
_aسلسلة مقالب نصف الدنيا _v3 |
|
| 650 | 1 | 7 | _aأدب الأطفال |
| 650 | 1 | 7 | _aالقصص العربية |
| 653 | _aاطفال مرحلة متوسطة (6-9) سنوات | ||
| 700 | 1 |
_aأمين، عمرو _eرسم |
|
| 942 |
_2ddc _cBK |
||
| 999 |
_c39428 _d39428 |
||